|
|
|
|
| LEADER |
00000nam0a2200000 4500 |
| 001 |
93126 |
| 005 |
20231031105040.0 |
| 020 |
|
|
|a RU
|b 87-31189
|
| 035 |
|
|
|a (RuTPU)RU\TPU\book\99734
|
| 090 |
|
|
|a 93126
|
| 100 |
|
|
|a 20060325d1987 km y0rusy5003 ca
|
| 101 |
0 |
|
|a rus
|
| 102 |
|
|
|a RU
|
| 105 |
|
|
|a a z 001zy
|
| 200 |
1 |
|
|a Статистическая теория пассивной локации
|f В. В. Караваев, В. В. Сазонов
|
| 210 |
|
|
|a Москва
|c Радио и связь
|d 1987
|
| 215 |
|
|
|a 237,[1] с.
|c ил.
|
| 225 |
1 |
|
|a Статистическая теория связи
|e Стат. теория связи
|v Вып. 27
|
| 320 |
|
|
|a Библиогр.: с. 234-236 (50 назв.)
|
| 610 |
1 |
|
|a радиолокационные сигналы
|
| 610 |
1 |
|
|a прием
|
| 610 |
1 |
|
|a статистические методы
|
| 610 |
1 |
|
|a пассивная радиолокация
|
| 610 |
1 |
|
|a теория разрешения
|
| 610 |
1 |
|
|a корреляционные системы
|
| 675 |
|
|
|a 621.396.96
|z rus
|
| 700 |
|
1 |
|a Караваев
|b В. В.
|g Валентин Валентинович
|4 070
|
| 701 |
|
1 |
|a Сазонов
|b В. В.
|g Владимир Васильевич
|4 070
|
| 801 |
|
0 |
|a RU
|b RuMRKP
|c 19950417
|g psbo
|
| 801 |
|
1 |
|a RU
|b 63413507
|c 20060325
|g PSBO
|
| 801 |
|
2 |
|a RU
|b 63413507
|c 20070228
|g PSBO
|
| 942 |
|
|
|c BK
|